Jaka to postać? - Brawl Stars #1 - Statystyki

Ogólne statystyki
  • Ten quiz został rozwiązany 1 711 razy
  • Średni wynik to 20 z 32
Statystyki odpowiedzi
Opis Postać % Poprawnych
Raz go nie ma a raz jest! To dopiero kameLEON! Leon
78%
Zwykły górnik, który rzuca laskami dynamitu... Dynamike
76%
Kilof niczym bumerang. Chyba każdy już wie o kogo chodzi, ale jeśli nie to podpowiem, że jego superatakiem jest super szalony obrót swoim wózkiem! Carl
75%
Kartami może Cię szybko pokonać! Tak, nie przesłyszałeś się, kartami! Tara
75%
Wymachuje młotem w stronę wrogów wysyłając falę uderzeniową! Jego superatak też jest dość mocny, gdyż swoim młotem ogłusza przeciwników! Normalnie nie mogą się ruszyć! Frank
73%
Ta postać to dopiero lubi ciemność! Jego atak polega na przemieszczaniu się i zadawaniu obrażeń z każdym zamachem swojej broni, zaś jego superatak polega na wysyłaniu chmury nietoperzy! Mortis
73%
Postać jest silna, BO jako broni używa łuku ze strzałami, zaś jego superatak polega na wystrzeleniu 3 min, w które jak wdepnie przeciwnik już po nim! Bo
71%
Ta postać strzela dwiema strzelbami, które mogą zadać bardzo dużo obrażeń a dzięki jego superatakowi, może on sprytnie ucieć w razie zagrożenia! Darryl
71%
Gdy ta postać do Ciebie podejdzie, nie masz już szans wygrać! Jego silny atak pięściami i skok w dal powoduje, że niektórzy uznają go za najlepszego zadymiarza w grze! El Primo
71%
Nie jesteś dobry w celnych rzutach? Nie graj tą postacią, ponieważ możesz bardzo szybko przegrać i stracić pucharki, a tego byśmy nie chcieli! Postać strzela rakietami i ma dłuuuugiiii zasięg! Brock
69%
La La La La La! Bardzo utalentowany muzyk, który zadaje obrażenia falami dźwiękowymi! La La La! Poco
69%
Ta postać mogłaby zostać fryzjerem, ponieważ atakuje sprayem do włosów, ale jest zadymiarzem w popularnej grze Brawl Stars Emz
68%
Im dalej parasolka od wroga tym większe obrażenia! O tym musisz pamiętać wybierając tą postać! Piper
65%
Rzadki zadymiarz, który atakuje swoimi rękawicami. Niesamowicie wspiera ją NATURA. Jej superatak to tarcza! Rosa
65%
SPAĆ!!! Sandy
65%
Wesoły robocik, który strzela bombami ze swoich wyrzutni! Jego superatak polega na wystrzeleniu swojej głowy! Tick
65%
Atak tego pana to ciskanie we wrogów butelkami, które po uderzeniu w ziemię zostawiają po sobie trującą substancję. Jak w nie wejdziesz, będziesz dostawał obrażenia, dopóki z nich nie wyjdziesz! Barley
64%
Nie ma opcji, żeby ktoś nie miał tej postaci! Shelly
63%
Nasza mała słodka pszczółka. Bea
62%
PAMiętaj, że grając tą postacią możesz leczyć się za pomocą działka leczniczego :D Pam
62%
Strzela ze swoich dwóch rewolwerów ogromną serię pocisków + ma daleki zasięg Colt
61%
W sumie ta postać nie jest człowiekiem, ale i tak jest fajna. Jej atak to wysyłanie trzech trujących piór! Kruk
61%
Dziewczynka, której pociski karabinu odbijają się od wrogów. Dodatkowo towarzyszy jej całkiem ładne działko <3 Jessie
59%
Pirat, ale w wersji kobiecej! Penny
56%
To chyba najwolniejsza postać w Brawl Stars, lecz bardzo silna! Dodatkowo jego superatak pozwala mu zadawać jeszcze większe obrażenia! 8-bitowiec
55%
Możliwe, że swoim superatakiem przyciągnie Cię na bliską odległość, więc proszę, uważaj! Gene
53%
Odblokujesz go, jeśli będziesz miał przynajmniej 250 pucharków. Bull
51%
Jeśli podejdziesz za blisko, ukuje Cię! Jeśli będziesz daleko, też! Musisz na niego uważać. Świetnie maskuje się w krzakach! Spike
49%
Uważaj! Postać o której piszę może Cię wepchnąć do strefy! Miej się na baczności! Bibi
41%
Można było odebrać do niego darmowego skina, 24 grudnia 2019 roku. Rico
32%
Nim się obejrzysz, będzie na drugim końcu mapy! Max
31%
Co dwie głowy to nie jedna! Prawda? Ta postać coś o tym wie! Nita
29%
Nie znaleziono quizów pasujących do podanych kryteriów
Rozkład punktacji
Procent ludzi z każdym wynikiem
Percentyl według liczby udzielonych odpowiedzi
Twoja historia wyników
Nie rozwiązałeś tego quizu